Statistics for คณิตศาสตร์ด่วน - รากที่สอง

Click here to take the quiz!

General Stats

  • This quiz has been taken 4 times
  • The average score is 15 of 20

Answer Stats

ปัญหาตอบ% Correct
11
100%
10010
100%
28917
100%
36119
100%
48422
100%
52923
100%
67626
100%
72927
100%
78428
100%
84129
100%
90030
100%
96131
100%
108933
100%
115634
100%
122535
100%
144438
100%
164
100%
160040
100%
176442
100%
211646
100%
220947
100%
255
100%
260151
100%
270452
100%
280953
100%
291654
100%
313656
100%
324957
100%
336458
100%
348159
100%
497
100%
819
100%
12111
67%
25616
67%
57624
67%
184943
50%
366
50%
360060
50%
40020
33%
44121
33%
14412
0%
16913
0%
19614
0%
22515
0%
32418
0%
42
0%
62525
0%
93
0%
102432
0%
129636
0%
136937
0%
152139
0%
168141
0%
193644
0%
202545
0%
230448
0%
240149
0%
250050
0%
302555
0%
648
0%

Score Distribution

Percentile by Number Answered

Percent of People with Each Score

Your Score History

You have not taken this quiz